00718 2200277 4500001002100000005001700021008004100038020001800079035002400097082001200121090002200133100002300155245005900178250001000237260003100247300002400278500003000302650001400332850001500346980001300361985000600374999001500380999001500395999001500410999001500425YOGYA-0209000003457620090227024913.0 ind  a979-497-915-5 0010-020900000034576 a633.492 a633.492bRuk BlT aRUKMANA, H. Rahmat aUbi jalarbbudidaya dan pasca panencH. Rahmat Rukmana aCet.1 aYogyakartabKanisiusc1997 a66 hlmbilusc21 cm aBiblbiografi : hlm. 61-62 aUbi jalar aYOPDYOG(B) a14-10-06 a4 a00P0006740 a00P0006741 a00P0006742 a00P0006743